000 00466nam#a2200193#c#4500
003 IEF
005 20180219154753.0
008 941205s1973 uuu####fr####| 0||u| |u
040 _aIEF
100 1 _aDufau, Jean
_913754
245 _aLes entreprises publiques
260 _aParis
_b Actualite juridique
_c1973
300 _a382 p.
_c 24 cm
650 4 _aEMPRESAS PUBLICAS
_943602
650 4 _aFRANCIA
_944475
942 _cLIB
942 _z33876
999 _c43253
_d43253